1106 1655 1712 1943 1435 1327 1465 1313 1087 1191 1013 1088 1329 1622 1773 1830 1760 1764 1725 1824 1474 1249 1680 1477 1447 1845 1693 1371 1150 1457 1819 1802 1771 1051 1271 1655 1025 1684 1468 1473 1829 1375 1250 1544 1739 1323 1288 1137 1689 1555 1063 1706 1113 1795 1550 1496 1585 1901 1617 1235 1446 1915 1682 1793 1240 1331 1557 1394 1426 1252 1456 1354 1620 1877 1700 1593 1670 1879 1559 1723 1018 1103 1091 1246 1686 1493 1246 1184 1102 1102 1172 1947 1202 1193 1497 1560 1970 1091 1160 BCNSPRNW ULIB Ver.6.0+V

เปลี่ยนเป็นภาษาไทย

Change to English
 แสดงรายละเอียดบรรณานุกรม
  กลับหน้าหลัก

Brief Record : Get Marc (ISO 2709) : E-mail record : QR code < ปิดหน้าต่าง
LEADER : 00000nam 2200000uu 4500
001    13399125464
003     ULIB
008    170612s2559||||th 000 0 tha d
020    ^a9786167829692
060 04 ^aWY160.5^bน148ห
100 0  ^aนงลักษณ์ บุญรอด
245 00 ^aหนังสือคู่มือการพยาบาลโรคพาร์กินสัน =^bParkinson^'s Disease Nursing Handbook /^cนงลักษณ์ บุญรอด
250    ^aพิมพ์ครั้งที่ 1
260    ^aกรุงเทพฯ :^bศูนย์ความเป็นเลิศทางการแพทย์โรคพาร์กินสัน และกลุ่มโรคความเคลื่อนไหวผิดปกติ โรงพยาบาลจุฬาลงกรณ์ สภากาชาดไทย,^c2559
300    ^a228 หน้า :^bภาพประกอบ ; ตาราง ;^c25 ซม.
505 0  ^aบทที่ 1 โรคพาร์กินสันในมุมมองพยาบาล
505 0  ^aบทที่ 2 อาการของโรคพาร์กินสันในมุมมองพยาบาล
505 0  ^aบทที่ 3 ยารักษาโรคพาร์กินสัน
505 0  ^aบทที่ 4 การพยาบาลผู้ป่วยโรคพาร์กินสัน
505 0  ^aบทที่ 5 การพยาบาลผู้ป่วยโรคพาร์กินสันที่ได้รับการรักษาด้วยวิธีอื่นนอกเหนือจากการรับประทานยา
505 0  ^aบทที่ 6 การจัดกิจกรรมกลุ่มสำหรับผู้ป่วยและผู้ดูแล
505 0  ^aบทที่ 7 การดูแลแบบสหสาขาวิชาชีพ
650  7 ^aการพยาบาลทางประสาทวิทยา
650  7 ^aการพยาบาลโรคพาร์กินสัน
650  7 ^aโรคพาร์กินสัน--การพยาบาล
700 0  ^aกมลวรรณ บุญเพ็ง
700 0  ^aรุ่งโรจน์ พิทยศิริ
945    ^p299^l0^i25122
945    ^p299^l0^i25123
945    ^p299^l0^i25124
945    ^p299^l0^i25125
945    ^p299^l0^i25126
999    ^aกัณชพร
รายการนี้ยังไม่มีแท็ก
คุณยังไม่ได้ล็อกอิน คุณสามารถมีกิจกรรมร่วมกับเว็บไซต์ได้ แต่ต้องล็อกอินก่อน ::
  ล็อกอิน

รายการสื่อสารสนเทศ

ลำดับที่ ประเภท เลขเรียก/บาร์โค้ด สถานที่ สถานะ
1. หนังสือสำรอง
หนังสือสำรอง
WY160.5 น148ห ฉ.1 
  Barcode: 25122
ห้องสมุดวิทยาเขตนครสวรรค์
►หนังสือทั่วไป:l:General Books
บนชั้น
2. วิทยาศาสตร์การแพทย์ และสุขภาพ
วิทยาศาสตร์การแพทย์ และสุขภาพ
WY160.5 น148ห ฉ.2 
  Barcode: 25123
ห้องสมุดวิทยาเขตนครสวรรค์
►หนังสือทั่วไป:l:General Books
บนชั้น
3. วิทยาศาสตร์การแพทย์ และสุขภาพ
วิทยาศาสตร์การแพทย์ และสุขภาพ
WY160.5 น148ห ฉ.3 
  Barcode: 25124
ห้องสมุดวิทยาเขตนครสวรรค์
►หนังสือทั่วไป:l:General Books
บนชั้น
4. วิทยาศาสตร์การแพทย์ และสุขภาพ
วิทยาศาสตร์การแพทย์ และสุขภาพ
WY160.5 น148ห ฉ.4 
  Barcode: 25125
ห้องสมุดวิทยาเขตนครสวรรค์
►หนังสือทั่วไป:l:General Books
บนชั้น
5. วิทยาศาสตร์การแพทย์ และสุขภาพ
วิทยาศาสตร์การแพทย์ และสุขภาพ
WY160.5 น148ห ฉ.5 
  Barcode: 25126
ห้องสมุดวิทยาเขตนครสวรรค์
►หนังสือทั่วไป:l:General Books
บนชั้น

รายการใกล้เคียง
    ผู้แต่ง [นงลักษณ์ บุญรอด]

    หัวเรื่อง [การพยาบาลทางประสาทวิทยา]
    หัวเรื่อง [การพยาบาลโรคพาร์กินสัน]
    หัวเรื่อง [โรคพาร์กินสัน--การพยาบาล]

BibComment


ยังไม่เคยถูกคอมเมนท์

คอมเมนท์ทรัพยากรรายการนี้
  คอมเมนท์: หนังสือคู่มือการ..


 Copyright 2026. Bcnsprnw @Library